| Tag |
First Indicator |
Second Indicator |
Subfields |
| LEADER |
00000cam a2200000Ia 4500 |
| 001 |
in00002185421 |
| 005 |
20211202204023.0 |
| 007 |
he bmb024bbca |
| 008 |
920106s1990 vaua bbt f000 0 eng d |
| 035 |
|
|
|a (OCoLC)ocm25053356
|
| 037 |
|
|
|a N 90-21744
|b NASA
|
| 040 |
|
|
|a OKX
|c OKX
|d OCL
|d GPO
|d MvI
|d UtOrBLW
|
| 049 |
|
|
|a UMIC
|
| 049 |
|
|
|a WWW
|
| 074 |
|
|
|a 0830-D (MF)
|
| 074 |
|
|
|a 0830-D (online)
|
| 086 |
0 |
|
|a NAS 1.15:102664
|
| 100 |
1 |
|
|a Kuruvila, G.
|
| 245 |
1 |
0 |
|a Three-dimensional simulation of vortex breakdown /
|c G. Kuruvila and M.D. Salas.
|
| 246 |
2 |
|
|a Three dimensional simulation of vortex breakdown
|
| 264 |
|
1 |
|a Hampton, Va. :
|b National Aeronautics and Space Administration, Langley Research Center,
|c [1990]
|
| 300 |
|
|
|a i, 72 pages :
|b illustrations
|
| 336 |
|
|
|a text
|b txt
|2 rdacontent
|
| 337 |
|
|
|a microform
|b h
|2 rdamedia
|
| 338 |
|
|
|a microfiche
|b he
|2 rdacarrier
|
| 490 |
1 |
|
|a NASA technical memorandum ;
|v 102664
|
| 500 |
|
|
|a "June 1990."
|
| 500 |
|
|
|a Cover title.
|
| 500 |
|
|
|a Shipping list number: 90-0884-M.
|
| 504 |
|
|
|a Includes bibliographical references (pages 70-72).
|
| 536 |
|
|
|h 505-60-01-01
|
| 533 |
|
|
|a Microfiche.
|b [Washington, D.C.? :
|c National Aeronautics and Space Administration,
|d 1990].
|e 1 microfiche : negative ; 11 x 15 cm.
|
| 530 |
|
|
|a Also available via Internet from the NASA Technical Report Server web site. Address as of 3/8/06: http://ntrs.nasa.gov/archive/nasa/casi.ntrs.nasa.gov/19900012428%5F1990012428.pdf; current access available via PURL.
|
| 500 |
|
|
|a Microform.
|
| 650 |
|
0 |
|a Vortex-motion.
|
| 650 |
|
0 |
|a Airplanes
|x Wings.
|
| 650 |
|
7 |
|a Alternating direction implicit methods.
|2 nasat
|
| 650 |
|
7 |
|a Computational fluid dynamics.
|2 nasat
|
| 650 |
|
7 |
|a Computational grids.
|2 nasat
|
| 650 |
|
7 |
|a Computerized simulation.
|2 nasat
|
| 650 |
|
7 |
|a Navier-Stokes equation.
|2 nasat
|
| 650 |
|
7 |
|a Three dimensional models.
|2 nasat
|
| 650 |
|
7 |
|a Vortex breakdown.
|2 nasat
|
| 700 |
1 |
|
|a Salas, M. D.
|
| 710 |
2 |
|
|a Langley Research Center.
|
| 830 |
|
0 |
|a NASA technical memorandum ;
|v 102664.
|
| 856 |
4 |
1 |
|u https://purl.fdlp.gov/GPO/LPS67463
|t 0
|
| 999 |
|
|
|a MARS
|
| 999 |
f |
f |
|s c0b90207-c91a-3a24-8e26-3fb5e4962a0d
|i 6711589b-01fe-3285-8305-1537a6542f7d
|t 0
|
| 952 |
f |
f |
|p normal
|a Texas A&M University
|b College Station
|c Sterling C. Evans Library
|d Evans: US Documents Microfiche (3rd floor)
|t 0
|e NAS 1.15:102664
|h Superintendent of Documents classification
|i microform -- microfiche
|m A14816518301
|
| 952 |
f |
f |
|a Texas A&M University
|b College Station
|c Electronic Resources
|d Available Online
|t 0
|e NAS 1.15:102664
|h Superintendent of Documents classification
|
| 998 |
f |
f |
|a NAS 1.15:102664
|t 0
|l Available Online
|
| 998 |
f |
f |
|a NAS 1.15:102664
|t 0
|l Evans: US Documents Microfiche (3rd floor)
|